Culture Pop par lettre - F - Statistiques

Statistiques générales
  • Ce quiz a été pris 4 231 fois
  • Le résultat moyen est 11 sur 15
Statistiques - réponses
Catégorie Indice Réponse % Correct
Application Réseau Social crée par Mark Zuckerberg Facebook
98%
Jeu Vidéo Sans doute la série la plus connue de jeu vidéo sur le football FIFA
97%
Film Série de films d'action autour de l'univers de la course de voiture Fast and Furious
96%
Internet Navigateur web à l’effigie d'un renard Firefox
95%
Émission Jeu télévisé se déroulant sur une île en Charente-Maritime, où une équipe vient affronter différents défis se trouvant dans les salles du bâtiment Fort Boyard
91%
Personnage célèbre Monstre nommé d'après son créateur, immense, reconnaissable à ses points de suture, sa peau jaunâtre (ou verdâtre selon les versions) et ses boulons dans le cou Frankenstein
90%
Film La première règle c'est de ne pas en parler Fight Club
81%
Terme Terme employé pour désigner des écrits produits par les fans d'un univers (littéraire, filmographie...) pour prolonger, transformer ou ajouter des précisions à celui-ci Fanfiction
79%
Célébrité Présentateur du talk show américain "The Tonight Show" depuis 2014 Jimmy Fallon
74%
Jeu Vidéo Le jeu phare d'Epic Games Fortnite
72%
Célébrité Humoriste française, son sketch "L'avion de Barbie" reste l'un de ses plus célèbres Florence Foresti
68%
Série d'animation Dans cette série on retrouve les personnages de Peter Griffin, sa femme Lois, leurs enfants Chris, Meg et Stewie et leur chien Brian Family Guy
61%
Évènement Festival de musique annuel se tenant à La Rochelle au mois de juillet FrancoFolies
46%
Série d'animation En 1999, un livreur de pizza se retrouve cryogénisé le jour du nouvel an, il se réveille 1000 ans plus tard à l'aube de l'an 3000 Futurama
44%
Comédie Musicale Dans son adaptation cinématographie, c'est Barbra Streisand qui tient le rôle principal, on peut l'entendre chanter "Don't Rain On My Parade" et "People" Funny Girl
11%
Aucun quiz correspondant
Distribution des résultats
% des personnes avec chaque résultat
Percentile par nombre de réponses
Votre historique - résultats
Vous n’avez pas pris ce quiz